Normal view
MARC view
Entry Personal Name
001 - CONTROL NUMBER
- control field: 16119
003 - CONTROL NUMBER IDENTIFIER
- control field: TZ-ArACH
005 - DATE AND TIME OF LATEST TRANSACTION
- control field: 20150420142641.0
008 - FIXED-LENGTH DATA ELEMENTS
- fixed length control field: 150420|||a|||||| | ||| d
040 ## - CATALOGING SOURCE
- Original cataloging agency: TZ-ArACH
- Transcribing agency: TZ-ArACH
100 ## - HEADING--PERSONAL NAME
- Personal name: Pettiti, Christophe.
670 ## - SOURCE DATA FOUND
- Source citation: Work cat.: (TZ-ArACH)952: Réforme de la Cour européenne des droits de l'Homme : actes de la table ronde du 28 mars 2003, 2003.
670 ## - SOURCE DATA FOUND
- Source citation: Work cat.: (TZ-ArACH)952: Réforme de la Cour européenne des droits de l'Homme : actes de la table ronde du 28 mars 2003, 2003.
